<?xml version="1.0" encoding="UTF-8"?>
<record
    xmlns:xsi="http://www.w3.org/2001/XMLSchema-instance"
    xsi:schemaLocation="http://www.loc.gov/MARC21/slim http://www.loc.gov/standards/marcxml/schema/MARC21slim.xsd"
    xmlns="http://www.loc.gov/MARC21/slim">

  <leader>03540nam a2200289   4500</leader>
  <controlfield tag="001">113517</controlfield>
  <controlfield tag="003">DR-UNIBE</controlfield>
  <controlfield tag="005">20250430094746.0</controlfield>
  <controlfield tag="008">250429b2023    dr ||||| |||| 00| 0 spa d</controlfield>
  <datafield tag="020" ind1=" " ind2=" ">
    <subfield code="a">9789945643695 (impreso)</subfield>
  </datafield>
  <datafield tag="020" ind1=" " ind2=" ">
    <subfield code="a">9789945643718 (electr&#xF3;nico)</subfield>
  </datafield>
  <datafield tag="040" ind1=" " ind2=" ">
    <subfield code="a">BIBLIOTECA UNIBE</subfield>
    <subfield code="b">spa</subfield>
    <subfield code="c">BIBLIOTECA UNIBE</subfield>
  </datafield>
  <datafield tag="041" ind1=" " ind2=" ">
    <subfield code="a">spa</subfield>
  </datafield>
  <datafield tag="082" ind1=" " ind2=" ">
    <subfield code="2">22</subfield>
    <subfield code="a">RD 342.72930269 R426t 2023</subfield>
  </datafield>
  <datafield tag="110" ind1="1" ind2=" ">
    <subfield code="a">Rep&#xFA;blica Dominicana.</subfield>
    <subfield code="b">Tribunal Constitucional</subfield>
    <subfield code="e">autor</subfield>
    <subfield code="9">34251</subfield>
  </datafield>
  <datafield tag="245" ind1="1" ind2="3">
    <subfield code="a">El tribunal que da la cara al  pueblo :</subfield>
    <subfield code="b">memorias de las presentaciones de los jueces del pleno del TC en las provincias de Rep&#xFA;blica Dominicana /</subfield>
    <subfield code="c">Tribunal Constitucional</subfield>
  </datafield>
  <datafield tag="250" ind1=" " ind2=" ">
    <subfield code="a">Primera edici&#xF3;n</subfield>
  </datafield>
  <datafield tag="260" ind1=" " ind2=" ">
    <subfield code="a">Santo Domingo :</subfield>
    <subfield code="b">Tribunal Constitucional. Centro de Estudios Constitucionales,</subfield>
    <subfield code="c">2023</subfield>
  </datafield>
  <datafield tag="300" ind1=" " ind2=" ">
    <subfield code="a">2 vol&#xFA;menes :</subfield>
    <subfield code="b">ilustraciones, fotograf&#xED;as a color ;</subfield>
    <subfield code="c">27 cm</subfield>
  </datafield>
  <datafield tag="505" ind1="0" ind2=" ">
    <subfield code="a">Integrantes del pleno del Tribunal Constitucional 2012-2018 |
Integrantes del pleno del Tribunal Constitucional 2018-2020 |
Integrantes del pleno del Tribunal Constitucional 2020-2023 |
Palabras de presentaci&#xF3;n del magistrado presidente Dr. Milton Ray Guevara |
Semana constitucional en las provincias |
Audiencia solemne de instalaci&#xF3;n |
S&#xED;ntesis hist&#xF3;rica de la evoluci&#xF3;n de la Constituci&#xF3;n y la creaci&#xF3;n del Tribunal Constitucional |
La Constituci&#xF3;n de Duarte y la creaci&#xF3;n del Tribunal Constitucional |
Santiago y el liberalismo constitucional |
El ciudadano en la Constituci&#xF3;n dominicana del 2010 |
Mujer: derecho y Constituci&#xF3;n |
Hig&#xFC;ey: una simiente del Tribunal Constitucional |
Los derechos econ&#xF3;micos a partir de la Constituci&#xF3;n dominicana 2010 |
El Tribunal Constitucional y los derechos econ&#xF3;micos y sociales en la Constituci&#xF3;n de 2010 |
Barahona: de la libertad a la constitucionalidad |
Duarte: primer constitucionalista dominicano |
El rol del Tribunal Constitucional en la protecci&#xF3;n de los derechos fundamentales |
El legado constitucional de Puerto Plata |
La Constituci&#xF3;n de Moca de 1858 |
Semana constitucional, tolerancia y soberan&#xED;a |
Los tribunales constitucionales como motor de cambio social |
La vida en constituci&#xF3;n |
Azua y la Constituci&#xF3;n |
Mar&#xED;a Trinidad S&#xE1;nchez: Constituci&#xF3;n y Tribunal Constitucional |
Soberan&#xED;a y nacionalidad en el constitucionalismo dominicano |
El Tribunal Constitucional y los derechos fundamentales |
Pedernales: dignidad y constitucionalidad |
El Tribunal Constitucional de la Rep&#xFA;blica Dominicana garantiza tus derechos |
La Constituci&#xF3;n: &#xBF;pedazo de papel o proyecto de naci&#xF3;n? |
Detengamos la violencia contra la mujer |
La soberan&#xED;a dominicana |
Neyba: de la acci&#xF3;n libertaria a la constitucionalidad |
Hato Mayor del Rey. Historia de su fundaci&#xF3;n e influencia en la independencia y restauraci&#xF3;n de la Rep&#xFA;blica Dominicana |
S&#xE1;nchez Ram&#xED;rez: aporte esencial a la identidad nacional |
M&#xE1;s Constituci&#xF3;n |
Dajab&#xF3;n: su gente y su historia |
&#xBF;De qu&#xE9; hablamos cuando hablamos del Tribunal Constitucional? |
Ocoa de pie: desde el padre Quinn hacia el Estado social y democr&#xE1;tico de derecho en la Constituci&#xF3;n dominicana |
Fuentes bibliogr&#xE1;ficas - provincias
</subfield>
  </datafield>
  <datafield tag="610" ind1="1" ind2="4">
    <subfield code="a">Rep&#xFA;blica Dominicana.</subfield>
    <subfield code="b">Tribunal Constitucional</subfield>
    <subfield code="9">34251</subfield>
  </datafield>
  <datafield tag="651" ind1=" " ind2="7">
    <subfield code="2">lemb</subfield>
    <subfield code="a">Rep&#xFA;blica Dominicana</subfield>
    <subfield code="x">Derecho constitucional</subfield>
    <subfield code="9">5535</subfield>
  </datafield>
  <datafield tag="700" ind1="1" ind2=" ">
    <subfield code="a">Abreu Hern&#xE1;ndez, Mildren Lisette</subfield>
    <subfield code="e">cuidado de edici&#xF3;n</subfield>
    <subfield code="9">194700</subfield>
  </datafield>
  <datafield tag="700" ind1="1" ind2=" ">
    <subfield code="a">D&#xED;az Guerra, Eduard</subfield>
    <subfield code="e">correcci&#xF3;n</subfield>
    <subfield code="9">194701</subfield>
  </datafield>
  <datafield tag="700" ind1="1" ind2=" ">
    <subfield code="a">Ray Guevara, Milton,</subfield>
    <subfield code="d">1948-</subfield>
    <subfield code="e">presentaci&#xF3;n</subfield>
  </datafield>
  <datafield tag="942" ind1=" " ind2=" ">
    <subfield code="2">ddc</subfield>
    <subfield code="c">BK</subfield>
  </datafield>
  <datafield tag="999" ind1=" " ind2=" ">
    <subfield code="c">113517</subfield>
    <subfield code="d">113517</subfield>
  </datafield>
  <datafield tag="952" ind1=" " ind2=" ">
    <subfield code="0">0</subfield>
    <subfield code="1">0</subfield>
    <subfield code="2">ddc</subfield>
    <subfield code="7">0</subfield>
    <subfield code="8">GEN-RD</subfield>
    <subfield code="a">Principal</subfield>
    <subfield code="d">2025-02-28</subfield>
    <subfield code="l">0</subfield>
    <subfield code="o">RD 342.72930269 R426t_2023</subfield>
    <subfield code="p">250291</subfield>
    <subfield code="r">2025-04-30 09:50:15</subfield>
    <subfield code="t">Vol. 1 Ej. 1</subfield>
    <subfield code="w">2025-04-30</subfield>
    <subfield code="y">BK</subfield>
  </datafield>
  <datafield tag="952" ind1=" " ind2=" ">
    <subfield code="0">0</subfield>
    <subfield code="1">0</subfield>
    <subfield code="2">ddc</subfield>
    <subfield code="7">0</subfield>
    <subfield code="8">GEN-RD</subfield>
    <subfield code="a">Principal</subfield>
    <subfield code="d">2025-02-28</subfield>
    <subfield code="l">0</subfield>
    <subfield code="o">RD 342.72930269 R426t_2023</subfield>
    <subfield code="p">250292</subfield>
    <subfield code="r">2025-04-30 09:51:02</subfield>
    <subfield code="t">Vol. 2, Ej. 1</subfield>
    <subfield code="w">2025-04-30</subfield>
    <subfield code="y">BK</subfield>
  </datafield>
</record>
